<The> Economic integration of the EU13 regions into EU economy during the 2004-2013 period

Guardado en:
Detalles Bibliográficos
Autor principal: Kabát, Libor
Formato: Capítulo de libro
Lenguaje:inglés
Materias:
Etiquetas: Agregar Etiqueta
Sin Etiquetas, Sea el primero en etiquetar este registro!

MARC

LEADER 00000naa a2200000 4500
001 0214710
005 20231013070640.1
041 0 |a eng 
044 |a SK 
245 1 0 |a <The> Economic integration of the EU13 regions into EU economy during the 2004-2013 period  |c Libor Kabát 
610 2 0 |a integrácia ekonomická 
610 2 0 |a integrácia ekonomická medzinárodná 
610 2 0 |a Európska únia 
610 2 0 |a produkt domáci hrubý 
610 2 0 |a príjmy 
610 2 0 |a nezamestnanosť 
610 2 0 |a rast hospodársky 
610 2 0 |a konvergencia 
100 1 |a Kabát, Libor